Music Quiz

Random Music Quiz

'End Of An Era' - Marianas Trench Quiz Stats

Quiz not verified by Sporcle

Challenge
Share
Tweet
Embed
Score 0/298 Timer 10:00
0 Plays Today
% Correct
a
99.1%
you
98.2%
I
98.2%
you
98.2%
I
98.2%
you
98.2%
I.
98.2%
I
98.2%
you
98.2%
you.
98.2%
I
98.2%
I
98.2%
you
98.2%
I
98.2%
I
98.2%
you
98.2%
I
98.2%
I
98.2%
you
98.2%
I
98.2%
you
98.2%
you
98.2%
the
97.3%
the
97.3%
the
97.3%
the
97.3%
the
97.3%
One
96.4%
From
96.4%
love
96.4%
love
96.4%
And
96.4%
do
96.4%
and
96.4%
and
96.4%
love
96.4%
last
95.5%
will
95.5%
me
95.5%
go
95.5%
me
95.5%
me
95.5%
me
95.5%
will
95.5%
true.
94.6%
To
94.6%
For
94.6%
just
94.6%
just
94.6%
my
94.6%
here.
94.6%
Astoria.
94.6%
for
94.6%
For
94.6%
here.
94.6%
Astoria.
94.6%
Astoria.
94.6%
Astoria.
94.6%
Astoria.
94.6%
here
94.6%
Astoria.
94.6%
Astoria.
94.6%
to
94.6%
my
94.6%
to
94.6%
to
94.6%
Astoria.
94.6%
Astoria.
94.6%
to
94.6%
For
94.6%
Astoria
94.6%
Astoria.
94.6%
Astoria.
94.6%
my
94.6%
Astoria.
94.6%
Astoria.
94.6%
Astoria.
94.6%
Astoria.
94.6%
Astoria.
94.6%
Astoria.
94.6%
my
94.6%
Astoria
94.6%
But
93.8%
Can't
93.8%
can't
93.8%
die.
93.8%
I'll
93.8%
be
93.8%
But
93.8%
time
93.8%
time
93.8%
But
93.8%
be.
93.8%
Can
93.8%
can
93.8%
time
93.8%
die
93.8%
die
93.8%
die
93.8%
can
93.8%
% Correct
be
93.8%
But
93.8%
won't
92.9%
don't.
92.9%
won't.
92.9%
know.
92.9%
dear.
92.9%
fo.
92.9%
or
92.9%
our
92.9%
future
92.9%
Our
92.9%
in
92.9%
know.
92.9%
in
92.9%
in
92.9%
in
92.9%
dear
92.9%
in
92.9%
our
92.9%
in
92.9%
our
92.9%
in
92.9%
in
92.9%
know
92.9%
don't
92.9%
dear
92.9%
if
92%
if
92%
let
92%
I'm
92%
I'm
92%
It's
92%
never
92%
it's
92%
It's
92%
now
92%
I'm
92%
it's
92%
I'm
92%
of
92%
heart
92%
heart
92%
never
92%
now.
92%
It's
92%
now
92%
I'm
92%
of
92%
now
92%
Never
92%
Never
92%
Never
92%
If
92%
heart
92%
Hearts
91.1%
break.
91.1%
sake.
91.1%
take.
91.1%
Cause
91.1%
stay
91.1%
myself
91.1%
still
91.1%
So
91.1%
so
91.1%
Cause
91.1%
so
91.1%
So
91.1%
end.
91.1%
End
91.1%
say
91.1%
say
91.1%
say
91.1%
still
91.1%
still.
91.1%
end.
91.1%
cue.
90.2%
future's
90.2%
mine
90.2%
try
90.2%
lose
90.2%
that
90.2%
Goodbye
90.2%
goodbye
90.2%
goodbye.
90.2%
goodbye.
90.2%
that
90.2%
face
89.3%
face
89.3%
face
89.3%
Face
89.3%
Face
89.3%
every
89.3%
Please
88.4%
near.
88.4%
music
88.4%
music
88.4%
music
88.4%
was
88.4%
was
88.4%
% Correct
alive.
87.5%
about
87.5%
is
87.5%
this
87.5%
This
87.5%
we
87.5%
We
87.5%
we
87.5%
We
87.5%
we
87.5%
friend.
87.5%
This
87.5%
is
87.5%
This
87.5%
is
87.5%
we
87.5%
hope
87.5%
hope
87.5%
friend.
87.5%
coming
86.6%
Coming
86.6%
taken
86.6%
everything
86.6%
remains
86.6%
new.
86.6%
final
85.7%
i'd
85.7%
warning
85.7%
ya.
85.7%
ya.
85.7%
unclear.
85.7%
get
84.8%
up
84.8%
over
84.8%
adieu.
83.9%
Come
83.9%
find
83.9%
old
83.9%
want
83%
must
83%
with
82.1%
man
82.1%
something
81.3%
Here's
80.4%
away
80.4%
start
80.4%
feel
80.4%
forgiveness.
80.4%
your
80.4%
trying
79.5%
begins
79.5%
easy.
79.5%
survive.
79.5%
survive.
79.5%
survive.
79.5%
afraid
78.6%
saying
78.6%
hoped
78.6%
gave
77.7%
led
76.8%
wasting
76.8%
overdue.
76.8%
Wish
76.8%
lost
76.8%
sickness.
76.8%
ashamed.
75.9%
How
75.9%
went
75.9%
through
75.9%
hell
75.9%
How
75.9%
ourselves
75.9%
How
75.9%
line
75.9%
have
75.9%
By
75%
did
75%
did
75%
did
75%
head.
75%
mended.
74.1%
Always
74.1%
High
73.2%
when
73.2%
when
73.2%
shadows
72.3%
dire.
71.4%
dire.
71.4%
unrequited
71.4%
offended.
70.5%
view.
68.8%
divides
67.9%
blame
67.9%
f***ing
58%
Hope's
48.2%
into
48.2%
fading
47.3%
Release
43.8%

You're not logged in!

Compare scores with friends on all Sporcle quizzes.
Join for Free
OR
Log In

You Might Also Like...

Show Comments

Extras

Created Jun 25, 2016ReportNominate
Tags:end, era, mariana, Marianas Trench, trench

Top Quizzes Today


Score Distribution

Your Account Isn't Verified!

In order to create a playlist on Sporcle, you need to verify the email address you used during registration. Go to your Sporcle Settings to finish the process.

Report this User

Report this user for behavior that violates our Community Guidelines.

Details: